Férfi énekesek pt.2 - Statistics

General Stats
  • This quiz has been taken 91 times
  • The average score is 7 of 12
Answer Stats
Picture Answer % Correct
G.w.M
94%
L.L.Junior
90%
Desh
81%
KKevin
74%
Pogány Induló
72%
Kökény Attila
71%
Hiro
68%
Missh
63%
Lmen Prala
59%
Rácz Gergő
41%
Mikee Mykanic
18%
Tirpa
17%
No matching quizzes found
Score Distribution
Percent of People with Each Score
Percentile by Number Answered
Your Score History
You have not taken this quiz